000
00318nam a2200109Ia 4500
008
200302s9999 xx 000 0 und d
100
_a
Rohit Arya
245
_a
Vaastu - Design and Decorate Homes to reflect eternal Spiritual Principles
260
_b
Destiny Books Rochester,Vermont
260
_c
2000
300
_a
118 P.,
999
_c
4330
_d
4330